|
|
|
|
| LEADER |
00000nab a2200000 a 4500 |
| 001 |
vtls010111189 |
| 003 |
SK-MaSNL |
| 005 |
20260304162455.0 |
| 008 |
250507c2010 xo ||||||||||||00 b|slo |
| 015 |
|
|
|a SNBRB2010/06
|2 snkbucl
|
| 035 |
|
|
|a urn:nbn:sk:snk-ab82um
|
| 035 |
|
|
|a (urnnbn)urn:nbn:sk:snk:ar-0065n4
|
| 035 |
|
|
|a (uuid)1dba24ea-53ec-4817-83ce-6660b5fccf0a
|
| 038 |
|
|
|a SNKBUCL
|
| 040 |
|
|
|a SNKBUCL
|b slo
|c SNKBUCL
|e AACR2
|
| 041 |
0 |
|
|a slo
|
| 044 |
|
|
|a xo
|c SK
|
| 080 |
|
|
|a 676
|x (437.3)
|2 2001
|
| 100 |
1 |
|
|a Lešikar, Miloš,
|d 1950-
|4 aut
|9 142472
|
| 245 |
1 |
0 |
|a Nevýhodnú skladbu výroby zmení investičný záujem
|b český papierenský priemysel v roku 2009 a perspektívy odvetvia
|c Miloš Lešikar
|
| 300 |
|
|
|b Fotogr.
|
| 648 |
|
7 |
|a 2009
|2 snkbucl
|9 320114
|
| 650 |
0 |
7 |
|a celulózovo-papierenský priemysel
|2 snkbucl
|9 74945
|
| 651 |
|
7 |
|a Česko
|2 snkbucl
|9 16753
|
| 773 |
0 |
|
|t Papier a polygrafia
|g Roč. VIII, č. 1-2 (2010), s. 51
|x 1336-281X
|
| 850 |
|
|
|a Slovenská národná knižnica
|
| 852 |
|
|
|a Slovenská národná knižnica
|
| 954 |
|
|
|a odborná, vedecká literatúra pôvodná (slovenská)
|2 lita
|
| 958 |
|
|
|a article9
|
| 958 |
|
|
|a OND
|
| 958 |
|
|
|a CZ
|
| 958 |
|
|
|a EUIPO
|
| 999 |
|
|
|c 2974456
|d 2976386
|